000
00262nam a2200097Ia 4500
008
190216s9999||||xx |||||||||||||| ||und||
100
_a
Thrimbuvan Singh
245
0
_a
Hindi-Adunik Hindi Kavitha Ki Swachand Dwara
260
_b
Mac Millian And Com. Ltd
942
_c
BK
999
_c
17013
_d
17013